ბათუმის შოთა რუსთაველის სახელმწიფო უნივერსიტეტის ბიბლიოთეკა

წერითი მუშაობის სახეები ქართულ ლიტერატურაში : (ბიბ.ჩანაწერი № 52629)

000 -ლიდერი
ფიქსირებული სიგრძის საკონტროლო ველი 01088nam a2200253Ia 4500
001 - საკონტროლო ნომერი
საკონტროლო ველი 19653
003 - საკონტროლო ნომრის იდენტიფიკატორი
საკონტროლო ველი GE_BSU
005 - ბოლო ოპერაციის თარიღი და დრო
საკონტროლო ველი 20200313171225.0
008 - ფიქსირებული სიგრძის მონაცემთა ელემენტები - ზოგადი ინფორმაცია
ფიქსირებული სიგრძის საკონტროლო ველი 181216s1965||||ge |||||||||||||| ||geo||
040 ## - კატალოგიზაციის წყარო
Transcribing agency GE_BSU
041 ## - ენის კოდი
Language code of text/sound track or separate title geo
080 ## - უნივერსალური ათობითი კლასიფიკაციის ინდექსი
Universal Decimal Classification number 821.353.1(072) დ-74
100 ## - მთავარი ჩანაწერი - პიროვნების სახელი
Personal name დონაძე, კ.
9 (RLIN) 7718
245 ## - ცნობა სათაურის შესახებ
Title წერითი მუშაობის სახეები ქართულ ლიტერატურაში :
Remainder of title [სწავლების მეთოდიკა] /
Statement of responsibility, etc კ. დონაძე ; რედ. ე. გელაშვილი.
250 ## - გამოცემის ცნობა
Edition statement მე-2 შევს. გამოც
264 ## - წარმოების, გამოცემის, დისტრიბუციის და სხვა ცნობები
გამოცემის, წარმოების, დისტრიბუციის... ადგილი თბილისი :
გამოცემის, წარმოების, დისტრიბუციის... სახელწოდება განათლება,
გამოცემის, წარმოების, დისტრიბუციის... თარიღი 1965.
300 ## - ფიზიკური აღწერა
Extent 66 გვ. ;
Dimensions 21 სმ.
653 ## - INDEX TERM--UNCONTROLLED
Uncontrolled term ქართული ლიტერატურა
653 ## - INDEX TERM--UNCONTROLLED
Uncontrolled term წერითი სამუშაოები
653 ## - INDEX TERM--UNCONTROLLED
Uncontrolled term კარნახი ქართულ ენაში
700 ## - ADDED ENTRY--PERSONAL NAME
Personal name გელაშვილი, ე.
Relator term რედაქტორი
9 (RLIN) 7719
942 ## - ADDED ENTRY ELEMENTS (KOHA)
Koha item type წიგნი
Source of classification or shelving scheme
ეგზემპლარები
ჩამოწერის სტატუსი დაკარგული ეგზემპლარის სტატუსი კლასიფიკაციის წყარო ან თაროზე გაწყობის სქემა დაზიანების სტატუსი არ გაიცემა მუდმივი მდებარეობა (დაცვის ადგილი) ამჟამინდელი ადგილსამყოფელი თაროზე განთავსების ადგილი შეძენის თარიღი ღირებულება, შესყიდვის ნორმალური ფასი სრული შენახვის შიფრი შტრიხკოდი ბოლო ოპერაციის თარიღი ეგზემპლარის მიმდევრობითი ნომერი (კეტერი?) ფასის ძალაში შესვლის თარიღი ეგზემპლარის სახეობა საჯარო შენიშვნა
          ბათუმის შოთა რუსთაველის სახელმწიფო უნივერსიტეტის მთავარი ბიბლიოთეკა ბათუმის შოთა რუსთაველის სახელმწიფო უნივერსიტეტის მთავარი ბიბლიოთეკა წიგნსაცავი 2018-12-17 0.20 821.353.1(072) დ-74 51776 2018-12-17 51776 2018-12-17 წიგნი 0.20 ლ.
          ბათუმის შოთა რუსთაველის სახელმწიფო უნივერსიტეტის მთავარი ბიბლიოთეკა ბათუმის შოთა რუსთაველის სახელმწიფო უნივერსიტეტის მთავარი ბიბლიოთეკა წიგნსაცავი 2018-12-17 0.20 821.353.1(072) დ-74 51777 2018-12-17 51777 2018-12-17 წიგნი 0.20 ლ.